[Event "Chinese Chess League 2019"]
[Site "Shen Yang"]
[Date "2019.12.04"]
[Round "19.24"]
[White "Li, Xueyi"]
[Black "Ding, Yixin"]
[Result "1/2-1/2"]
[WhiteElo "2270"]
[BlackElo "2438"]
[Annotator "TA"]
[PlyCount "97"]
[EventDate "2019.04.09"]
[EventType "team-tourn"]
[EventCountry "CHN"]
[SourceTitle "playchess.com"]
[Source "ChessBase"]
[SourceQuality "1"]

{[%evp 11,97,20,26,24,37,38,43,37,26,19,18,27,32,0,2,1,1,3,8,8,10,-17,-12,-108,-103,-117,-85,-127,-107,-115,-110,-97,-98,-83,-108,-110,-49,-56,0,-70,-68,-61,-24,-25,-27,-25,-52,-94,-87,-91,-35,-114,-9,-15,-3,0,9,-25,-1,-34,-29,-20,-27,-20,-18,-41,0,-10,0,0,0,0,0,0,0,0,0,0,0,0,0,0,0,0,0,-12,0,0]} 1. d4 Nf6 2. c4 e6 3. g3 d5 4. Bg2 dxc4 5. Nf3 Bb4+ 6. Bd2 a5 7. Qc2 {E04: Open Catalan: 5 Nf3} (7. O-O O-O 8. Qc2 Bxd2 9. Nbxd2 b5 10. a4 c6 11. b3 cxb3 12. Nxb3 b4 13. e4 Nbd7 14. h4 h6 15. e5 {½-½ (93) Abasov,N (2632)-Piorun,K (2660) Khanty-Mansiysk 2019}) 7... O-O 8. Qxc4 Bxd2+ 9. Nbxd2 {White is slightly better.} b6 10. Qc2 Bb7 11. O-O Na6 $146 ({Predecessor:} 11... Nbd7 12. Nc4 Be4 13. Qd2 Qe7 14. Rac1 Rfd8 15. Qf4 {1-0 (45) Goryachkina,A (2313)-Monnisha,G (1992) Caldas Novas 2011}) 12. Rad1 c5 13. dxc5 Nxc5 14. Nc4 Qc7 15. b3 Rfd8 16. Qb2 b5 17. Nce5 (17. Ne3 $11 {remains equal.}) 17... Nfe4 $17 18. h4 Qb6 19. Nd4 f6 20. Nd3 {[#]} Nxd3 $1 21. Rxd3 b4 22. Bxe4 Bxe4 23. Rd2 e5 (23... Rac8 $17 24. Nf3 Rc3) 24. Nf3 $15 Rxd2 (24... Qe6 $15) 25. Qxd2 ({White should play} 25. Nxd2 $11 Bb7 26. Qc2) 25... Rd8 26. Qc1 Bb7 27. Rd1 Rc8 28. Qd2 Qc6 29. Qe3 h6 30. Qa7 Qc7 (30... Qb5 $17 31. Kh2 Kh7) 31. Qe3 {[#]} (31. Ne1 $1 $15) 31... Ba8 (31... Qc2 $1 $17 {[%cal Rc2d1]} 32. Qd2 Qf5) 32. Ne1 $11 Qc6 {[%csl Ga8][%cal Rc6h1]} 33. f3 $1 Qe6 34. Kh2 Bc6 35. Qb6 e4 {...exf3 is the strong threat.} 36. Rd8+ Rxd8 37. Qxd8+ Kh7 38. Qd2 Bd7 {Threatens to win with ...Qh3+.} (38... Qe5 {looks sharper.} 39. Kg2 Qc3 40. Qxc3 bxc3 41. Kf2 g5) 39. Kg1 {The position is equal.} f5 40. fxe4 fxe4 41. Qe3 Qd5 42. Ng2 g5 43. hxg5 hxg5 44. Qa7 Kg6 45. Qb6+ Kf7 46. Ne3 Qe5 47. Nf1 Bh3 48. Qe3 Bxf1 49. Kxf1 {Accuracy: White = 56%, Black = 53%.} 1/2-1/2

[Event "Chinese Chess League 2019"]
[Site "Shen Yang"]
[Date "2019.12.04"]
[Round "19.25"]
[White "Shuvalova, Polina"]
[Black "Zhu, Jiner"]
[Result "1-0"]
[WhiteElo "2446"]
[BlackElo "2468"]
[Annotator "TA"]
[PlyCount "87"]
[EventDate "2019.04.09"]
[EventType "team-tourn"]
[EventCountry "CHN"]
[SourceTitle "playchess.com"]
[Source "ChessBase"]
[SourceQuality "1"]

{[%evp 26,87,34,19,43,57,79,87,83,34,94,102,87,67,66,67,68,56,52,35,32,35,50,65,51,54,89,49,84,91,206,145,358,360,362,331,569,560,804,804,800,780,940,511,507,497,455,397,564,540,592,602,522,500,515,492,1107,1031,1031,1007,1413,1147,1173,770]} 1. c4 Nf6 2. Nc3 e6 3. e4 c5 4. e5 Ng8 5. Nf3 Nc6 6. d4 cxd4 7. Nxd4 Nxe5 8. Ndb5 a6 9. Nd6+ Bxd6 10. Qxd6 f6 11. Be3 Ne7 12. Bb6 Nf5 13. Qb4 Qe7 14. Qxe7+ Kxe7 {A19: English Opening: Flohr-Mikenas System with 3...c5} (14... Nxe7 15. O-O-O d5 16. Be2 Kf7 17. b3 dxc4 18. bxc4 Nd7 19. Bc7 b6 20. Bf3 Ra7 21. Rxd7 Bxd7 22. Bxb6 Raa8 23. Bxa8 Rxa8 {½-½ (23) Gajewski,G (2634)-Gharamian,T (2626) Chartres 2017}) 15. f4 Nf7 16. Bd3 {[#] Hoping for Bxf5.} g6 {White is better.} 17. Kf2 $146 ({Predecessor:} 17. O-O-O d6 18. Rhe1 Kf8 19. Be4 Kg7 20. g4 Ne7 21. Bc7 d5 22. cxd5 Nxd5 23. Nxd5 exd5 {1-0 (57) Von Wedel,B (2237)-Skorna,U (2122) GER email 2007}) 17... h5 (17... d6 $14) 18. Rhe1 $16 {Black must now prevent Nd5+.} Kf8 19. Bxf5 gxf5 20. c5 d5 21. cxd6 $1 {Na4 is the strong threat.} Bd7 22. Re3 Rc8 23. Bc7 h4 24. Rae1 Kg7 25. h3 Rce8 26. Nb1 Reg8 27. Nd2 Kf8 (27... Rh7 $16) 28. Nf3 Rh7 $2 (28... Kg7 $16 {keeps fighting.} 29. Rxe6 Bxe6 30. Rxe6 Rc8) 29. Rxe6 $18 Bxe6 30. Rxe6 Nh8 $2 (30... Kg7 31. d7 Nd8 32. Re7+ Kg6 33. Rxh7 Kxh7 34. Nxh4 Nc6) 31. Rxf6+ {[%mdl 64] [#] Double Attack} Ke8 32. Ne5 Rgg7 33. Bb6 Rf7 34. Nxf7 Nxf7 {[%mdl 4096] Endgame KRB-KRN} 35. Bd4 Kd7 36. Be5 Nh6 (36... b5 {might work better.} 37. b3 b4 38. Rxf5 Nxd6 39. Bxd6 Kxd6 40. Rf6+ Kd5 41. Rxa6 Rg7) 37. Kf3 {White is clearly winning.} Kc6 38. a4 Kd7 39. Kf2 b5 40. a5 Rh8 (40... Nf7 $142 41. Rxf5 Nxd6) 41. Ke3 Rh7 42. Kd4 Kc6 43. b4 Nf7 44. Rxf5 {Accuracy: White = 72%, Black = 23%.} 1-0

[Event "Chinese Chess League 2019"]
[Site "Shen Yang"]
[Date "2019.12.04"]
[Round "19.26"]
[White "Dubov, Daniil"]
[Black "Wei, Yi"]
[Result "0-1"]
[WhiteElo "2690"]
[BlackElo "2724"]
[Annotator "TA"]
[PlyCount "120"]
[EventDate "2019.04.09"]
[EventType "team-tourn"]
[EventCountry "CHN"]
[SourceTitle "playchess.com"]
[Source "ChessBase"]
[SourceQuality "1"]

{[%evp 11,120,22,7,0,0,2,0,6,13,0,2,-8,-5,-5,-4,-4,-3,-3,-5,-5,-8,-13,-3,-8,-9,-7,-11,-16,0,-24,0,-25,-25,-26,-26,-24,-20,-20,-20,-25,-29,-41,-53,-45,-20,-17,-13,-31,-36,-36,-14,-31,-22,-90,-90,-90,-91,-91,-66,-91,-91,-91,-91,-91,-91,-98,-98,-98,-98,-98,-91,-91,-91,-91,-91,-98,-98,-98,-98,-98,-98,-98,0,-97,0,-98,-98,-98,-98,-98,-98,-106,-107,-117,-98,-293,-300,-300,-299,-7275,-6896,-5151,-2172,-29963,-29960,-12845,-6114,-29978,-29979,-29968,-12848]} 1. Nf3 Nf6 2. c4 c5 3. Nc3 Nc6 4. d4 cxd4 5. Nxd4 e6 6. g3 Qb6 7. e3 {A33: Symmetrical English: 2 Nf3 Nf6 3 d4 cxd4 4 Nxd4 e6 5 Nc3 Nc6} (7. Ndb5 Ng4 8. e3 Nge5 9. Nd6+ Bxd6 10. Qxd6 Qb4 11. Qxb4 Nxb4 12. f4 Ned3+ 13. Ke2 d5 14. a3 Nc2 {½-½ (61) Ganguly,S (2633)-Nepomniachtchi,I (2771) Astana 2019}) 7... Be7 8. Bg2 O-O 9. O-O {The position is equal.} Rd8 10. b3 $146 ({Predecessor:} 10. Na4 Qc7 11. b3 d5 12. Nb5 Qa5 13. Bd2 Bb4 14. Bxb4 Qxb4 {½-½ (35) Bartsch,R (2117)-Svalander,F (2185) ICCF email 2016}) 10... d5 11. cxd5 Nxd4 12. Qxd4 Qxd4 13. exd4 Bb4 14. Bd2 Bxc3 15. Bxc3 {And now dxe6 would win.} Nxd5 16. Rfc1 b6 17. Bd2 Bb7 18. Rc2 Rd7 19. Rac1 Rad8 20. a4 a5 21. Rb2 h6 22. h4 Ne7 23. Bxb7 Rxb7 24. b4 axb4 25. Rxb4 Ra7 26. Rxb6 Rxa4 27. Be3 Nd5 28. Rb3 h5 29. Rb7 Ra3 30. Bg5 f6 31. Bf4 Kh7 $36 {[%mdl 2048] Black fights for an advantage.} 32. Bd2 (32. Bb8 $11) 32... Rd3 $17 33. Be1 Rxd4 34. Ra1 Kh6 35. Kf1 Rc8 36. Rb2 Kg6 37. Re2 Rc6 38. Kg2 Ne7 39. Rea2 e5 40. Ra4 Nf5 41. Rxd4 Nxd4 {[%mdl 4096] Endgame KRB-KRN} 42. Bd2 Rc7 43. Ra4 Kf5 44. Be3 Nc2 45. Bd2 Rd7 46. Bc3 Rc7 47. Bd2 Nd4 48. Be3 Ke4 49. Ra8 Nc2 50. Bd2 Rd7 51. Bc3 Kd3 52. Ba5 Rd5 53. Rd8 $2 {[#]} (53. Ra7 $17) 53... Rxd8 $19 54. Bxd8 {KB-KN} f5 55. Be7 $2 (55. Kf1) 55... Ke2 56. Bf8 g6 57. Bg7 Ne1+ 58. Kg1 Nd3 (58... e4 $142 59. Bf6 Nd3) 59. Bh8 e4 60. Bd4 {[#]} Nxf2 $1 {[%mdl 512] Accuracy: White = 53%, Black = 78%.} 0-1

[Event "Chinese Chess League 2019"]
[Site "Shen Yang"]
[Date "2019.12.04"]
[Round "19.27"]
[White "Xu, Xiangyu"]
[Black "Ganguly, Surya Shekhar"]
[Result "1/2-1/2"]
[WhiteElo "2583"]
[BlackElo "2644"]
[Annotator "TA"]
[PlyCount "32"]
[EventDate "2019.04.09"]
[EventType "team-tourn"]
[EventCountry "CHN"]
[SourceTitle "playchess.com"]
[Source "ChessBase"]
[SourceQuality "1"]

{[%evp 9,32,7,39,31,53,27,30,31,33,28,29,29,39,27,29,39,53,0,0,0,6,0,0,0,0]} 1. d4 Nf6 2. Bf4 d5 3. e3 c5 4. dxc5 (4. Nc3 cxd4 5. exd4 a6 6. h3 Nc6 7. Nf3 Bf5 8. Bd3 Bxd3 9. Qxd3 e6 10. O-O Be7 11. Rfe1 O-O 12. Ne2 Rc8 13. c3 {1-0 (60) Abasov,N (2641)-Demchenko,A (2665) Konya 2019}) 4... Nc6 5. Bb5 Ne4 6. b4 {D00: 1 d4 d5: Unusual lines} a5 7. f3 Nf6 8. c3 $1 {White has an edge.} g6 9. Ne2 $146 ({Predecessor:} 9. Be5 Bg7 10. Ne2 O-O 11. Bxc6 bxc6 {1-0 (40) Goater,K (2100)-Gostelow,D (1976) Bournemouth 2016}) 9... Bg7 10. Nd4 Bd7 11. Bxc6 $1 bxc6 12. Be5 O-O 13. O-O Bh6 {The position is equal.} 14. Bf4 Bg7 15. Be5 Bh6 16. Bf4 Bg7 1/2-1/2

[Event "Chinese Chess League 2019"]
[Site "Shen Yang"]
[Date "2019.12.04"]
[Round "19.28"]
[White "Li, Di"]
[Black "Chen, Qi b"]
[Result "1-0"]
[WhiteElo "2538"]
[BlackElo "2436"]
[Annotator "TA"]
[PlyCount "97"]
[EventDate "2019.04.09"]
[EventType "team-tourn"]
[EventCountry "CHN"]
[SourceTitle "playchess.com"]
[Source "ChessBase"]
[SourceQuality "1"]

{[%evp 18,97,27,24,25,-15,-20,-5,54,57,54,53,53,49,51,53,68,51,48,47,47,49,64,51,49,51,54,55,62,60,62,51,60,59,63,55,70,62,61,52,70,70,70,60,85,71,94,94,93,93,160,111,137,129,149,140,132,145,292,286,285,262,270,266,285,270,395,361,406,381,371,357,407,382,471,471,471,466,466,459,443,419]} 1. e4 e5 2. Nf3 Nc6 3. Bb5 Nf6 4. O-O Nxe4 5. Re1 Nd6 6. Nxe5 Be7 7. Bf1 Nxe5 8. Rxe5 O-O 9. d4 Bf6 10. Re1 Re8 {C67: Ruy Lopez: Berlin Defence: 4 0-0 Nxe4} 11. Nc3 Rxe1 12. Qxe1 b6 (12... Bxd4 $11 13. Bf4 Ne8) 13. Bf4 $14 Bb7 14. Bxd6 cxd6 {[#]} 15. Nb5 $146 ({Predecessor:} 15. Qe3 Qe7 16. Qxe7 Bxe7 17. g3 Kf8 18. a4 {1-0 (52) Vachier Lagrave,M (2798)-Ponomariov,R (2706) Dortmund 2016}) 15... Bc6 16. c3 Be7 17. Na3 Bf8 18. Qd2 d5 19. Nc2 Qf6 20. Re1 g6 21. g3 a5 22. a3 h5 23. h4 b5 24. Bg2 Qd6 25. Re2 Kh7 26. Qe1 Qb8 27. Ne3 {[%cal Bc2e3,Be3f1,Bf1d2,Bd2f3,Bf3e1][%mdl 32]} Qd6 28. b4 axb4 29. axb4 Bh6 30. f4 Re8 31. Nf1 Re6 32. Bh3 Re4 33. Nd2 f5 (33... Rxe2 $142 34. Qxe2 Qf8) 34. Nf3 Qe6 {[#]} 35. Bf1 $1 d6 36. Kf2 Qc8 37. Qa1 Rxe2+ (37... Kg8 $16 38. Ra2 Bf8) 38. Bxe2 $18 Kg8 39. Ne1 Bf8 40. Nc2 Qb7 41. Qa5 Bd7 (41... Qc8 $142 42. Ne3 (42. Bxb5 Bxb5 43. Qxb5 Qxc3 $11) 42... Qb7) 42. Ke1 Be7 43. Kd2 Qb8 44. Na3 Bd8 45. Qa6 Bb6 46. Bxb5 {White is clearly winning.} Be6 47. Nc2 Kf7 48. Bc6 Kf6 49. Qb7 {Accuracy: White = 89%, Black = 43%.} 1-0

[Event "Chinese Chess League 2019"]
[Site "Shen Yang"]
[Date "2019.12.04"]
[Round "19.29"]
[White "Shen, Yang"]
[Black "Li, Yunshan"]
[Result "1-0"]
[WhiteElo "2410"]
[BlackElo "2287"]
[Annotator "TA"]
[PlyCount "77"]
[EventDate "2019.04.09"]
[EventType "team-tourn"]
[EventCountry "CHN"]
[SourceTitle "playchess.com"]
[Source "ChessBase"]
[SourceQuality "1"]

{[%evp 9,77,8,16,16,31,20,22,21,20,23,18,9,18,-6,0,-11,-10,-43,0,9,24,27,37,41,67,48,59,39,33,41,46,53,35,50,30,20,42,36,47,18,22,20,16,23,14,50,54,55,112,114,374,371,367,368,371,370,732,732,691,691,29990,29991,29991,29992,29996,29997,29997,29996,29998,29999]} 1. d4 d5 2. Nf3 Bf5 3. g3 Nf6 4. Bg2 c6 5. Nh4 Bc8 (5... Be6 6. O-O g6 7. f3 c5 8. dxc5 Bg7 9. f4 Qc8 10. Be3 O-O 11. c3 Bh3 12. Nd2 Bxg2 13. Kxg2 {1-0 (63) Ponkratov,P (2601)-Romanov,E (2619) Sochi 2018}) 6. O-O {D02: 1 d4 d5 2 Nf3 sidelines, including 2...Nf6 3 g3 and 2...Nf6 3 Bf4} g6 $146 ({Predecessor:} 6... e6 7. b3 Bd6 8. Nd2 Nbd7 9. a4 O-O 10. c4 b6 11. e4 dxe4 12. Nxe4 Nxe4 13. Bxe4 {½-½ (25) Vasek,R-Schuster,P Morava 1994}) 7. b3 Bg7 8. Bb2 {The position is equal.} O-O 9. Nd2 a5 10. a4 b6 11. c4 Bb7 12. Rc1 Na6 13. h3 c5 ({Black should try} 13... e6 $15) 14. cxd5 $11 cxd4 15. Bxd4 Bxd5 16. Nc4 Bxg2 17. Nxg2 Nd7 18. Bxb6 Nxb6 19. Qxd8 Rfxd8 20. Nxb6 Rab8 21. Nc4 Rxb3 22. Nxa5 Ra3 23. Nc6 Rd2 24. Ne3 {aiming for Nc4.} Rxe2 25. Nxe7+ Kf8 26. N7d5 $36 {[%cal Rc1c8][%mdl 2048] White has the initiative.} Bd4 27. Rc4 Bxe3 28. Nxe3 ({Reject} 28. fxe3 Raa2 $15) 28... Rea2 ({Better is} 28... Kg7 $14) 29. Rd1 $16 {Black must now prevent Rd7.} Rxa4 $2 {[%mdl 8192]} (29... Ra1 $16) 30. Rc8+ $1 $18 Kg7 31. Rdd8 $1 Kf6 32. Re8 h5 $2 (32... Rb2 33. Ng4+ Rxg4) 33. Nd5+ Kf5 34. Rc6 Nb4 {[#]} 35. Rf6+ $1 {White mates.} Kg5 {[#]} 36. h4+ $1 Kg4 37. Re4+ {[%mdl 64] Double Attack} Kh3 38. Nf4+ Kg4 39. Ne6+ {Accuracy: White = 63%, Black = 42%.} 1-0

[Event "Chinese Chess League 2019"]
[Site "Shen Yang"]
[Date "2019.12.04"]
[Round "19.30"]
[White "Guo, Qi"]
[Black "Atalik, Ekaterina"]
[Result "1-0"]
[WhiteElo "2403"]
[BlackElo "2462"]
[Annotator "TA"]
[PlyCount "95"]
[EventDate "2019.04.09"]
[EventType "team-tourn"]
[EventCountry "CHN"]
[SourceTitle "playchess.com"]
[Source "ChessBase"]
[SourceQuality "1"]

{[%evp 19,95,35,29,34,46,33,70,62,54,25,29,29,31,28,197,192,241,103,116,113,162,156,170,167,180,180,172,142,150,97,156,150,152,151,230,151,147,134,139,139,181,172,181,170,197,174,310,316,378,407,384,362,402,385,433,428,421,414,674,654,652,620,787,700,697,681,633,596,1335,1297,1180,1013,12837,12837,12838,12838,12836,12833]} 1. d4 d5 2. c4 e6 3. Nc3 Nf6 4. Bg5 Nbd7 5. e3 c6 6. cxd5 exd5 7. Bd3 Be7 8. Nf3 Nh5 9. Bxe7 Qxe7 10. O-O O-O 11. Qb1 {D35: Queen's Gambit Declined: Exchange Variation} g6 12. b4 Ng7 13. b5 {White is slightly better.} Nb6 14. bxc6 bxc6 {[#]} 15. a4 $146 ({Predecessor:} 15. Qc2 Bf5 16. Bxf5 Nxf5 17. Na4 Nc4 18. Nb2 Nfd6 19. Nxc4 Nxc4 {½-½ (33) Zhou,J (2597)-Lu,S (2628) Huocheng County 2017}) 15... Bf5 16. Ne5 $36 {[%mdl 2048] White is pushing.} f6 $2 {[#]} (16... Rfc8 $11) 17. Nxc6 $18 Qc7 18. a5 (18. Bxf5 $18 {has better winning chances.} Nxf5 19. Nb4 (19. Qb5 Rac8 $14)) 18... Qxc6 $16 19. axb6 {Threatens to win with Nxd5!} Qxc3 20. Bxf5 {And now b7 would win.} axb6 {[#] Hoping for ...Rxa1.} 21. Rxa8 $1 Rxa8 22. Rc1 Qd2 23. Rc2 Qa5 24. Bg4 ({White should try} 24. Bd3) 24... Ne8 (24... f5 $142 25. Bh3 Qa1) 25. Bf3 Kf8 26. h4 Nd6 (26... Qa1 $16 27. Rb2 Qxb1+ 28. Rxb1 Rb8 29. Bxd5 b5) 27. Rc7 Qa1 28. Rc1 Qxb1 29. Rxb1 {[%mdl 4096] Endgame KRB-KRN} Rb8 30. Bxd5 b5 31. Ra1 b4 {Black wants to play ...b3.} 32. Ra6 Nf5 (32... Ke7 $142) 33. Rxf6+ $18 Ke8 {intending ...b3.} 34. Bb3 Nxh4 35. e4 Ra8 36. Rb6 Ra1+ 37. Kh2 Re1 38. Bd5 Rb1 (38... g5 $142 39. Rxb4 Re2) 39. Kg3 {White is clearly winning.} g5 40. f4 Rb2 41. fxg5 Nxg2 42. Bg8 Ne1 43. Bxh7 b3 44. e5 Rg2+ 45. Kf4 b2 46. Be4 Rf2+ 47. Ke3 Rh2 48. g6 {Accuracy: White = 77%, Black = 38%.} 1-0

[Event "Chinese Chess League 2019"]
[Site "Shen Yang"]
[Date "2019.12.05"]
[Round "20.1"]
[White "Zhao, Jun"]
[Black "Li, Di"]
[Result "1/2-1/2"]
[WhiteElo "2641"]
[BlackElo "2538"]
[Annotator "TA"]
[PlyCount "159"]
[EventDate "2019.04.09"]
[EventType "team-tourn"]
[EventCountry "CHN"]
[SourceTitle "playchess.com"]
[Source "ChessBase"]
[SourceQuality "1"]

{[%evp 17,159,27,15,-2,-6,-6,-8,-24,-24,-30,-29,-44,-35,-46,-41,-52,-25,-34,-37,-26,-33,-34,-21,-13,-14,-77,-66,-78,-38,-51,-44,-53,-43,-69,-29,-50,-24,-16,-15,-14,-14,-23,-26,-18,-18,-31,-32,-26,-14,-23,-10,-9,-7,-12,-12,0,0,0,0,0,0,0,0,0,0,0,0,0,0,0,0,0,8,0,0,-12,0,0,0,-8,0,0,0,0,0,0,0,0,0,0,0,0,0,0,0,0,0,0,0,0,0,0,0,0,0,0,0,0,0,0,0,0,0,0,0,0,0,0,0,0,0,0,0,0,0,0,0,0,0,0,0,0,0,0,0,0,0,0,0,0,0,0,0,0]} 1. c4 c5 2. Nf3 Nc6 3. Nc3 g6 4. e3 Nf6 5. d4 cxd4 6. exd4 d5 7. cxd5 Nxd5 8. Qb3 e6 9. Bb5 Bg7 10. Nxd5 {A35: Symmetrical English: 2 Nc3 Nc6 3 Nf3} (10. O-O O-O 11. Bxc6 bxc6 12. Na4 Qd6 13. Re1 Rb8 14. Qd1 Ne7 15. b3 Nf5 16. Bb2 Rd8 17. Qc2 Nxd4 18. Bxd4 Bxd4 19. Nxd4 Qxd4 {0-1 (132) So,W (2776)-Nepomniachtchi,I (2774) Saint Louis 2019}) 10... Qxd5 11. Qxd5 exd5 12. Bxc6+ $146 ({Predecessor:} 12. Ne5 Bd7 13. Bxc6 Bxc6 14. Bf4 Bxe5 15. Bxe5 {½-½ (15) Lalic,B (2450)-Bauer,C (2637) Cap d'Agde 2014}) 12... bxc6 13. Bf4 f6 14. O-O-O Bf5 15. Nd2 Kf7 16. Nb3 a5 17. Rhe1 g5 18. Bd6 a4 19. Nc5 Ra7 20. Nd3 h5 21. Nb4 (21. Kc2 $11 {remains equal.}) 21... Bh6 {...g4+ is the strong threat.} 22. Kd2 Rd7 23. Bc5 g4+ 24. Kc3 Be4 25. Rg1 h4 26. Nxc6 Rc7 27. Nb4 Bf8 28. Nd3 Bxd3 29. Kxd3 Bxc5 30. dxc5 Rxc5 $11 {[%mdl 4096] Endgame KRR-KRR} 31. Rge1 h3 32. g3 $1 Rb5 33. Re2 Rh5 34. Rdd2 {The position is equal.} Re5 35. Re3 Ke6 36. f3 gxf3 37. Rxf3 Rb4 38. Rdf2 f5 39. Kc2 Rbe4 40. b3 a3 41. Kd2 Rd4+ 42. Kc3 Rd1 43. Kb4 Rg1 {[#] White must now prevent ...Rg2.} 44. Rd3 ({Much worse is} 44. Kxa3 Rg2 $17) 44... d4 (44... Rg2 $5 45. Rdd2 $8 Rxf2 46. Rxf2 Re1 $11) 45. Kxa3 Rg2 46. Rf4 Ra5+ 47. Kb4 Raxa2 {With the idea ...Rad2.} 48. Rfxd4 Rxh2 49. g4 fxg4 50. Rxg4 Rhg2 51. Rh4 h2 {[#] Threatens to win with ...Rg4+!} 52. Rdh3 Kf5 53. Kb5 Rae2 54. b4 Re5+ 55. Ka4 Ree2 56. Ka5 Ra2+ 57. Kb6 Rg4 58. Rh5+ Ke6 59. b5 Rgg2 60. Kb7 Rg7+ 61. Kb6 Rgg2 62. Rc5 Rac2 63. Rch5 Rgd2 64. Rh6+ Ke7 65. Rh7+ Kf6 66. Kb7 Re2 67. R7h6+ Kg5 68. R6h5+ Kg4 69. R5h4+ Kg5 70. Rh7 Kg4 71. R7h4+ Kg5 72. Rh8 Kg4 73. R3h4+ Kg3 74. Rh3+ Kg4 75. R3h7 Rb2 76. b6 Re6 77. Rh4+ Kg3 78. Rh3+ Kg4 79. R3h4+ Kg3 80. Rh3+ {Accuracy: White = 70%, Black = 60%.} 1/2-1/2

[Event "Chinese Chess League 2019"]
[Site "Shen Yang"]
[Date "2019.12.05"]
[Round "20.2"]
[White "Liu, Qingnan"]
[Black "Zhao, Yuanhe"]
[Result "1-0"]
[WhiteElo "2535"]
[BlackElo "2472"]
[Annotator "TA"]
[PlyCount "123"]
[EventDate "2019.04.09"]
[EventType "team-tourn"]
[EventCountry "CHN"]
[SourceTitle "playchess.com"]
[Source "ChessBase"]
[SourceQuality "1"]

{[%evp 17,123,35,41,41,36,22,29,24,24,13,18,20,50,43,59,0,0,0,0,-9,0,0,0,0,0,0,0,0,0,-2,-6,-16,0,0,0,0,0,10,102,129,127,114,103,76,185,185,185,180,251,251,328,328,328,328,328,328,328,328,357,362,359,359,359,352,526,508,630,619,589,543,508,507,436,239,231,215,223,223,228,219,237,235,220,215,230,236,264,245,393,382,360,272,923,910,1088,1035,782,12829,12832,1532,12832,12832,12844,12844,12845,12844,12847,12847]} 1. e4 c5 2. Nf3 Nc6 3. d4 cxd4 4. Nxd4 e5 5. Nb5 a6 6. Nd6+ Bxd6 7. Qxd6 Qe7 8. Qd1 Nf6 9. Nc3 d6 10. Bg5 {B32: Sicilian: Löwenthal and Kalashnikov Variations} Be6 11. Bxf6 (11. Nd5 Bxd5 12. exd5 Nb8 13. Qf3 Nbd7 14. O-O-O h6 15. Be3 h5 16. h3 O-O-O 17. Ba7 Nc5 {1-0 (80) Yu,Y (2759)-Li,C (2725) Ningbo 2018}) 11... Qxf6 12. Qxd6 {White has an edge.} Rd8 13. Qc5 {White wants to play Bxa6!} Nd4 14. Bd3 $1 Rc8 15. Qa3 Qg5 16. Kf1 ({Better is} 16. h4 $14 Qxg2 17. O-O-O) 16... b5 $146 ({Predecessor:} 16... Qe7 17. Qxe7+ Kxe7 18. f3 Rhd8 {1-0 (50) Gunajew,R (2205)-Craciun,V Gelsenkirchen 2001}) 17. h4 Qe7 18. Qxe7+ $1 Kxe7 19. a3 a5 20. g3 Rhd8 21. Kg2 (21. Nxb5 Nxc2 22. Bxc2 Rxc2 $17) 21... b4 22. axb4 axb4 23. Ra7+ Kf8 24. Nd5 $1 {[%cal Rd5b4]} Rxd5 25. exd5 Bxd5+ 26. Kh2 Nf3+ 27. Kh3 {And now Rd1 would win.} e4 (27... Ng5+ $1 $11 {remains equal.} 28. Kh2 Nf3+ 29. Kh3 Ng5+ {[%mdl 64] Discovered Attack} 30. Kh2 Nf3+) 28. Be2 $16 Rxc2 29. Rd1 $36 {[%mdl 2048] Keeping Black busy.} Be6+ {[#]} 30. g4 $1 {[%cal Rd1d8]} g6 (30... Nd2 $16 {might work better.}) 31. Bxf3 $18 exf3 {[%mdl 4096] Endgame KRR-KRB} 32. Kg3 Kg7 (32... h6 $142 33. b3 (33. Kxf3 Ke8 $16) 33... Rc3) 33. g5 (33. Kxf3 $6 Rxb2 34. Rb7 Rb3+ 35. Kf4 Rb2 $16) 33... h6 34. Rd6 {[#] Strongly threatening Rxe6.} ({Weaker is} 34. Kxf3 Rxb2 35. Rd6 Bc4 $16) 34... Bb3 35. Rb7 ({But not} 35. Kxf3 hxg5 36. hxg5 Rc5 $18) 35... hxg5 36. hxg5 Rc5 37. Kf4 ({Resist} 37. Rxb4 $6 Rxg5+ 38. Kxf3 Be6 $18) 37... Rf5+ 38. Kg4 Bc4 39. Rxb4 Be6 40. Kh4 Re5 (40... Kf8 $142 41. Ra6 Re5 42. Rb8+ Kg7) 41. Rb7 Re1 42. Kg3 Re5 43. Kf4 Rf5+ 44. Ke4 Ba2 45. Rd1 (45. b4 $142) 45... Be6 46. Rb4 Rxg5 {...Rg4+ is the strong threat.} 47. Kxf3 Rc5 48. Rbd4 g5 49. Ke2 Bb3 50. Rg1 Kg6 51. Rg3 Be6 52. Kd2 Kh5 (52... Ra5 {was necessary.} 53. Ra3 Rf5) 53. b4 Rf5 54. Ke3 Re5+ $2 (54... Rb5 55. Rg1 Kg6) 55. Re4 {White is clearly winning.} Rb5 56. f4 gxf4+ 57. Kxf4 Rf5+ 58. Ke3 Rf1 59. Rd4 f5 60. Rg2 Re1+ 61. Kf4 Rb1 62. Ke5 {Accuracy: White = 84%, Black = 44%.} 1-0